书目信息 |
| 题名: |
鲁西南战役资料选
|
|
| 作者: | ;菏泽地区出版局 编 | |
| 分册: | ||
| 出版信息: | 济南 山东人民出版社 1982 |
|
| 页数: | 338页 | |
| 开本: | 21cm | |
| 丛书名: | ||
| 单 册: | ||
| 中图分类: | E297.4 | |
| 科图分类: | ||
| 主题词: | 鲁西南战役(1947)--史料 | |
| 电子资源: | ||
| ISBN: | ||
| 000 | 00664nam0 2200229 45 | |
| 001 | 0182000915 | |
| 005 | 20060817144519.45 | |
| 010 | @dCNY1.30 | |
| 091 | @a11099.240 | |
| 100 | @a19950502d1982 em y0chiy0121 ea | |
| 101 | 0 | @achi |
| 102 | @aCN@b370000 | |
| 105 | @ay z 000yy | |
| 200 | 10 | @a鲁西南战役资料选@Alu xi nan zhan yi zi liao xuan@f菏泽地区出版局编 |
| 210 | @a济南@c山东人民出版社@d1982 | |
| 215 | @a338页@c照片及图@d21cm | |
| 606 | @a鲁西南战役(1947)@x史料 | |
| 690 | @aE297.4@v3 | |
| 711 | 02 | @a菏泽地区出版局@Ahe ze di qu chu ban ju@4编 |
| 801 | 0 | @aCN@b上海图书馆@c20060817 |
| 801 | 2 | @aCN@bNLC@c20060731 |
| 905 | @f2@b216578-579@dE297.4@e30 | |
| 鲁西南战役资料选/菏泽地区出版局编.-济南:山东人民出版社,1982 |
| 338页:照片及图;21cm |
| ISBN :CNY1.30 |
| ● |
| 相关链接 |
|
|
|
|
正题名:鲁西南战役资料选
索取号:E297.4/30
 
预约/预借
| 序号 | 登录号 | 条形码 | 馆藏地/架位号 | 状态 | 备注 |
| 1 | 0216578 | 001261119 | 第一借阅区/ [索取号:E297.4/30] | 在馆 | |
| 2 | 0216579 | 001261100 | 第一借阅区/ [索取号:E297.4/30] | 在馆 | |
| 3 | 0216580 | 001261093 | 第一样本阅览室/ [索取号:E297.4/30] | 在馆 | |
| 4 | 0440686 | 204406865 | 密集书库/ [索取号:E297.4/30] | 在馆 | |
| 5 | 0465352 | 204653525 | 密集书库/ [索取号:E297.4/30] | 在馆 | |
| 6 | 0465353 | 204653534 | 密集书库/ [索取号:E297.4/30] | 在馆 |